000 00221nam a22000977a 4500
040 _a0
082 _a005.1,MIN
100 _aMinnick, Chris
_9118618
245 _aWriting Computer Code /
_cChris Minnick,
942 _2ddc
_cBK
999 _c606799
_d606799